| 000 | 01859nam a2200505Ii 4500 | ||
|---|---|---|---|
| 001 | DIGEKAIROS0034 | ||
| 003 | NyNyDIG | ||
| 008 | 221104s2013 sp o 001 0 spa d | ||
| 006 | m o d | ||
| 007 | cr ||||||||||| | ||
| 035 | _a(OCoLC)1352724486 | ||
| 040 |
_aDGITA _beng _erda _epn _cDGITA |
||
| 020 |
_a9788499882659 _qePub |
||
| 020 |
_a9788499882666 _qKindle |
||
| 020 |
_a9788499882673 _qGoogle |
||
| 020 | _z9788472455573 | ||
| 041 | 1 |
_aspa _heng |
|
| 050 | 1 | 4 | _aBP605.R34 ebook |
| 100 | 1 |
_aOsho, _d1931-1990, _eauthor. |
|
| 240 | 1 | 0 |
_aTao. _lSpanish _s(Dhanu Ramírez) |
| 245 | 1 | 3 |
_aEl sendero del tao / _cOsho ; traducción del inglés de Indra Dhanu Ramírez. |
| 250 | _aPrimera edición digital. | ||
| 264 | 1 |
_aBarcelona, España : _bEditorial Kairós, _c[2013] |
|
| 300 | _a1 online resource. | ||
| 336 |
_atext _btxt _2rdacontent |
||
| 337 |
_acomputer _bc _2rdamedia |
||
| 338 |
_aonline resource _bcr _2rdacarrier |
||
| 347 |
_atext file _2rdaft |
||
| 347 | _bEPUB | ||
| 490 | 1 | _aSabiduría perenne | |
| 500 | _aIncludes index. | ||
| 588 | 0 | _aOnline resource; title from ePub title page (Digitalia, viewed November 4, 2022) | |
| 650 | 0 | _aSpiritual life. | |
| 650 | 0 |
_aSpiritual life _xTaoism. |
|
| 655 | 0 | _aElectronic books. | |
| 700 | 1 |
_aDhanu Ramírez, Indra, _etranslator. |
|
| 700 | 1 |
_iTranslation of: _aOsho, _d1931-1990. _tTao. |
|
| 791 | 2 |
_aDigitalia (Firm), _edistributor. |
|
| 793 | 0 |
_gDigitalia eBook Collection: _aEditorial Kairós. |
|
| 776 | 0 | 8 |
_iPrint version: _aOsho, 1931-1990. _sTao. Spanish (Dhanu Ramírez). _tSendero del tao. _bPrimera edición. _dBarcelona, España : Editorial Kairós, [2003] _z9788472455573 |
| 830 | 0 | _aColección Sabiduría perenne. | |
| 856 | 4 | 0 |
_3Digitalia Hispánica _uhttps://www.digitaliapublishing.com/a/85029/ |
| 910 | _aPremium collection: 2022 | ||
| 942 | _cRAA | ||
| 999 |
_c266492 _d266492 |
||